000 00339nam a22001457a 4500
020 _a978-81-7596-029-9
082 _a425
_bMUR/E
100 _aMURPHY,RAYMOND
245 _aESSENTIAL ENGLISH GRAMMAR
250 _aSECOND
260 _aDELHI
_bCAMBRIDGE UNIVERSITY PRESS
300 _a300
650 _aENGLISH GRAMMAR
_zINDIA
942 _cBK
999 _c3769
_d3769